The Elements of Statistical Learning: Data Mining, Inference and Prediction 2/e
Bewaard in:
| Hoofdauteur: | |
|---|---|
| Formaat: | Boek |
| Gepubliceerd in: |
Springer
|
| Tags: |
Geen labels, Wees de eerste die dit record labelt!
|
MARC
| LEADER | 00000nam a2200000Ia 4500 | ||
|---|---|---|---|
| 005 | 20260513122050.0 | ||
| 020 | |a 9780387848570 | ||
| 100 | |a Hastie | ||
| 365 | |c € | ||
| 365 | |b 28.00 | ||
| 942 | |c BK | ||
| 245 | |a The Elements of Statistical Learning: Data Mining, Inference and Prediction 2/e | ||
| 260 | |b Springer | ||
| 999 | |c 31 |d 31 | ||
| 952 | |0 0 |1 0 |4 0 |7 0 |a UNSW |b UNSW |d 2026-04-29 |g 79.99 |i 16670 |l 0 |p 000032 |r 2026-05-13 12:20:50 |v 79.99 |w 2026-05-13 |y BK | ||